<?xml version="1.0" encoding="UTF-8"?>
<record
    xmlns:xsi="http://www.w3.org/2001/XMLSchema-instance"
    xsi:schemaLocation="http://www.loc.gov/MARC21/slim http://www.loc.gov/standards/marcxml/schema/MARC21slim.xsd"
    xmlns="http://www.loc.gov/MARC21/slim">

  <leader>01168nam a22003137a 4500</leader>
  <controlfield tag="005">20110728120114.0</controlfield>
  <controlfield tag="008">110728t        xxu||||| |||| 00| 0 eng d</controlfield>
  <datafield tag="010" ind1=" " ind2=" ">
    <subfield code="a">ENG-103174</subfield>
  </datafield>
  <datafield tag="020" ind1=" " ind2=" ">
    <subfield code="a">9780071331944</subfield>
    <subfield code="c">625.00</subfield>
  </datafield>
  <datafield tag="020" ind1=" " ind2=" ">
    <subfield code="a">0071331948</subfield>
    <subfield code="c">625.00</subfield>
  </datafield>
  <datafield tag="035" ind1=" " ind2=" ">
    <subfield code="a">EN-86707</subfield>
  </datafield>
  <datafield tag="037" ind1=" " ind2=" ">
    <subfield code="b">DBAD / PUB</subfield>
  </datafield>
  <datafield tag="040" ind1=" " ind2=" ">
    <subfield code="a">dpl</subfield>
    <subfield code="b">English </subfield>
  </datafield>
  <datafield tag="082" ind1=" " ind2=" ">
    <subfield code="a">658.472028555</subfield>
  </datafield>
  <datafield tag="100" ind1=" " ind2=" ">
    <subfield code="9">29868</subfield>
    <subfield code="a">Janus, Philo</subfield>
  </datafield>
  <datafield tag="245" ind1=" " ind2=" ">
    <subfield code="a">Building integrated business intelligence solutions with SQL Server 2008 R2 &amp; Office 2010 /</subfield>
    <subfield code="c">by  Philo Janus [and] Stacia Misner</subfield>
  </datafield>
  <datafield tag="260" ind1=" " ind2=" ">
    <subfield code="a">New Delhi</subfield>
    <subfield code="b">Tata McGraw Hill</subfield>
    <subfield code="c">2011</subfield>
  </datafield>
  <datafield tag="270" ind1=" " ind2=" ">
    <subfield code="a">7, West Patel Nagar</subfield>
    <subfield code="b">New Delhi</subfield>
    <subfield code="e">110008</subfield>
  </datafield>
  <datafield tag="300" ind1=" " ind2=" ">
    <subfield code="a">xxii, 471 p. :</subfield>
    <subfield code="c">24cm (pbk) </subfield>
    <subfield code="b">ill.</subfield>
  </datafield>
  <datafield tag="500" ind1=" " ind2=" ">
    <subfield code="a">Includes index</subfield>
  </datafield>
  <datafield tag="630" ind1=" " ind2=" ">
    <subfield code="a">SQL server.</subfield>
    <subfield code="9">30291</subfield>
  </datafield>
  <datafield tag="630" ind1=" " ind2=" ">
    <subfield code="a">Microsoft Office.</subfield>
    <subfield code="9">30292</subfield>
  </datafield>
  <datafield tag="650" ind1=" " ind2=" ">
    <subfield code="9">29869</subfield>
    <subfield code="a">Business intelligence.</subfield>
  </datafield>
  <datafield tag="650" ind1=" " ind2=" ">
    <subfield code="a">Client/server computing.</subfield>
    <subfield code="9">30293</subfield>
  </datafield>
  <datafield tag="651" ind1=" " ind2=" ">
    <subfield code="9">1549</subfield>
  </datafield>
  <datafield tag="700" ind1=" " ind2=" ">
    <subfield code="9">29871</subfield>
    <subfield code="a">Misner, Stacia.</subfield>
  </datafield>
  <datafield tag="942" ind1=" " ind2=" ">
    <subfield code="2">ddc</subfield>
    <subfield code="c">EN</subfield>
    <subfield code="m">JAN</subfield>
    <subfield code="h">658.472028555</subfield>
  </datafield>
  <datafield tag="999" ind1=" " ind2=" ">
    <subfield code="c">54514</subfield>
    <subfield code="d">54514</subfield>
  </datafield>
  <datafield tag="952" ind1=" " ind2=" ">
    <subfield code="0">0</subfield>
    <subfield code="1">0</subfield>
    <subfield code="2">ddc</subfield>
    <subfield code="4">0</subfield>
    <subfield code="7">1</subfield>
    <subfield code="8">NFIC</subfield>
    <subfield code="a">DBAD</subfield>
    <subfield code="b">DBAD</subfield>
    <subfield code="d">2011-07-28</subfield>
    <subfield code="e">DBAD/PUB</subfield>
    <subfield code="g">625.00</subfield>
    <subfield code="l">0</subfield>
    <subfield code="o">658.472028555 JAN</subfield>
    <subfield code="p">EN-86707</subfield>
    <subfield code="r">2011-07-28 00:00:00</subfield>
    <subfield code="t">1</subfield>
    <subfield code="v">625.00</subfield>
    <subfield code="w">2011-07-28</subfield>
    <subfield code="y">EN</subfield>
  </datafield>
</record>
